Německo-český česko-německý slovník pro technickou praxi
Gespeichert in:
| 1. Verfasser: | |
|---|---|
| Format: | Buch |
| Sprache: | Tschechisch Deutsch |
| Veröffentlicht: |
Ostrava :
MONTANEX,
1995
|
| Schlagworte: | |
| Tags: |
Keine Tags, Fügen Sie das erste Tag hinzu!
|
MARC
| LEADER | 00000nam a22000003a 4500 | ||
|---|---|---|---|
| 001 | stu46432 | ||
| 005 | 20150617225716.7 | ||
| 008 | 980528s1995----xr------------------cze-d | ||
| 020 | |a 80-85780-45-3 | ||
| 040 | |a STU |b slo | ||
| 041 | 0 | |a cze |a ger | |
| 044 | |a xr | ||
| 080 | |a 801.316.4=30=850=30 | ||
| 080 | |a 62 | ||
| 080 | |a 801.316.4=30=850=30:62 | ||
| 100 | 1 | |a Lapka, Vladimír |4 aut | |
| 245 | 1 | |a Německo-český česko-německý slovník pro technickou praxi | |
| 260 | |a Ostrava : |b MONTANEX, |c 1995 | ||
| 300 | |a 581 s | ||
| 650 | 7 | |a Slovníky technické nemecko-české a česko-nemecké |2 stusub | |
| 996 | |b 284M000140 |c M*10324-1 |l MMKN |s A |a 24 |w stu46432_0001 | ||
| 996 | |b 284AU03019 |c A*3259 U |l AAKNST |s P |a 0 |w stu46432_0002 | ||
| 996 | |b 284M051162 |c M*9929-1 |l MMKN |s A |a 24 |w stu46432_0003 | ||